000 00365nam a2200133Ia 4500
005 20260328101506.0
008 260328s9999||||xx |||||||||||||| ||und||
100 _aLloyd Wright, Olgivanna
245 0 _aFrank Lloyd Wright :
_b Su Vida, su Obra, sus Palabras /
_cOlgivanna Lloyd Wright
260 _bTroquel
300 _a240 p.
650 _aARQUITECTOS
942 _cBK
999 _c9038
_d9038